A hand book of Physics XI / (Record no. 190523)
[ view plain ]
| 000 -LEADER | |
|---|---|
| fixed length control field | 00714 a2200169 4500 |
| 003 - CONTROL NUMBER IDENTIFIER | |
| control field | NUST |
| 005 - DATE AND TIME OF LATEST TRANSACTION | |
| control field | 20221124180836.0 |
| 040 ## - CATALOGING SOURCE | |
| Transcribing agency | Nust |
| 082 ## - DEWEY DECIMAL CLASSIFICATION NUMBER | |
| Classification number | 530,CHA |
| 100 ## - MAIN ENTRY--PERSONAL NAME | |
| Personal name | Chaudhary, Z.A. |
| 9 (RLIN) | 103534 |
| 245 ## - TITLE STATEMENT | |
| Title | A hand book of Physics XI / |
| Statement of responsibility, etc. | Z.A.Chaudhary |
| 260 ## - PUBLICATION, DISTRIBUTION, ETC. | |
| Place of publication, distribution, etc. | Majeed Sons |
| Name of publisher, distributor, etc. | Lahore |
| Date of publication, distribution, etc. | 2009 |
| 300 ## - PHYSICAL DESCRIPTION | |
| Extent | 464 p.: |
| 505 ## - FORMATTED CONTENTS NOTE | |
| Formatted contents note | Measurement (Page-1), Vectors And Equilibrium (Page-37), Motion and Energy (Page-149), Circular Motion(Page-187), Fluid Dynamics (Page-233), Oscillations (Page-257), Waves (Page-297), Physical Optics (Page-345), Optical Instruments (Page-383), Heat and Thermodynamics (Page-417), Things to Remember (Page-457). |
| 650 ## - SUBJECT ADDED ENTRY--TOPICAL TERM | |
| Topical term or geographic name entry element | Question- Answer |
| 9 (RLIN) | 103535 |
| 942 ## - ADDED ENTRY ELEMENTS (KOHA) | |
| Source of classification or shelving scheme | |
| Koha item type | Book |
| Call number prefix | 530,CHA |
| Withdrawn status | Lost status | Source of classification or shelving scheme | Damaged status | Not for loan | Permanent Location | Current Location | Shelving location | Date acquired | Full call number | Barcode | Date last seen | Price effective from | Koha item type | Public note |
|---|---|---|---|---|---|---|---|---|---|---|---|---|---|---|
| Military College of Signals (MCS) | Military College of Signals (MCS) | General Stacks | 12/12/2016 | 530,CHA | MCS36106 | 12/08/2016 | 12/12/2016 | Book | Almirah No.15, Shelf No.2 |
